000 00640nam a2200169Ia 4500
008 090711s9999 xx 000 0 und d
082 _b61861
100 _aजोशी सु. ना.
245 _aटेलिव्हिजन दुरु स्ती मार्गदर्शक
260 _c1988
300 _a90
600 _aजोशी सु. ना.
630 _aटेलिव्हिजन दुरु स्ती मार्गदर्शक
700 _aजोशी सु. ना.
730 _aटेलिव्हिजन दुरु स्ती मार्गदर्शक
942 _cBOOK
999 _c289099
_d289099